[Event "Wch U10"]
[Site "Belfort"]
[Date "2005.07.27"]
[Round "10"]
[White "Scherbin, Yevgeniy"]
[Black "Martinez Romero, Martin"]
[Result "1-0"]
[WhiteElo "1599"]
[BlackElo "2368"]
[PlyCount "57"]
[EventDate "2005.07.19"]
[EventType "swiss"]
[EventRounds "11"]
[EventCountry "FRA"]
[SourceTitle "CBM 107 Extra"]
[Source "ChessBase"]
[SourceDate "2005.09.01"]
[SourceVersion "1"]
[SourceVersionDate "2005.09.01"]
[SourceQuality "1"]

1. e4 c5 2. Nf3 d6 3. d4 cxd4 4. Nxd4 Nf6 5. Nc3 a6 6. Be3 e6 7. f3 b5 8. Qd2 Bb7 9. 0-0-0 Nbd7 10. g4 Ne5 11. g5 Nfd7 12. Be2 Nb6 13. b3 Rc8 14. f4 Nc6 15. Kb2 b4 16. Nb1 Qc7 17. Bd3 d5 18. exd5 Nxd5 19. Nxc6 Bxc6 20. Rhe1 a5 21. f5 Qe5+ 22. Kc1 Nc3 23. Nxc3 bxc3 24. Qf2 Qd6 25. Kb1 Bd5 26. fxe6 fxe6 27. g6 h6 28. Be4 Be7 29. Qf7+ 1-0

[Event "Wch U10"]
[Site "Belfort"]
[Date "2005.07.25"]
[Round "8"]
[White "Scherbin, Yevgeniy"]
[Black "Kraiouchkine, Nikita"]
[Result "1/2-1/2"]
[WhiteElo "1599"]
[BlackElo "1599"]
[PlyCount "163"]
[EventDate "2005.07.19"]
[EventType "swiss"]
[EventRounds "11"]
[EventCountry "FRA"]
[SourceTitle "CBM 107 Extra"]
[Source "ChessBase"]
[SourceDate "2005.09.01"]
[SourceVersion "1"]
[SourceVersionDate "2005.09.01"]
[SourceQuality "1"]

1. e4 e5 2. Nf3 Nc6 3. Bb5 a6 4. Bxc6 dxc6 5. 0-0 Bg4 6. h3 Bxf3 7. Qxf3 Qd7 8. d3 Bc5 9. Nd2 0-0-0 10. Nc4 f6 11. Be3 Bxe3 12. Qxe3 Kb8 13. Rad1 g5 14. c3 Qe6 15. b3 Ne7 16. d4 Ng6 17. dxe5 Nxe5 18. Nxe5 Qxe5 19. Rd4 Rd6 20. Rfd1 Rhd8 21. Rxd6 Rxd6 22. Rd4 c5 23. Rd3 b6 24. g3 Re6 25. Rd7 Qxe4 26. Qxe4 Rxe4 27. Rxh7 c4 28. Rf7 cxb3 29. axb3 Re6 30. Kg2 a5 31. h4 gxh4 32. gxh4 Kb7 33. Kg3 b5 34. h5 a4 35. bxa4 bxa4 36. Rd7 Kc6 37. Rd1 Kb5 38. Kg4 a3 39. h6 Kc4 40. Kf5 Re2 41. f4 Rh2 42. Kg6 Kxc3 43. Rc1+ Rc2 44. h7 Rxc1 45. h8Q a2 46. Qxf6+ Kb3 47. Qe6+ Kb2 48. Qe5+ Kb3 49. Qb5+ Kc2 50. Qc6+ Kb2 51. Qb7+ Ka3 52. Qa6+ Kb2 53. Qb5+ Kc2 54. Qc4+ Kb2 55. Qb4+ Kc2 56. Qc4+ Kb2 57. Qe2+ Kb3 58. Qd3+ Kb2 59. Qd2+ Kb1 60. Qd3+ Kb2 61. Qe2+ Kb3 62. Qf3+ Kb2 63. Qg2+ Kb3 64. Qf3+ Kb2 65. Qe2+ Kb3 66. Qe3+ Kb2 67. Qd4+ Kb3 68. Qd5+ Kb2 69. Qe5+ Kb3 70. Qb5+ Kc2 71. Qc6+ Kb2 72. Qg2+ Kb3 73. Qf3+ Kb2 74. Qe2+ Kb3 75. Qe3+ Kb2 76. Qd2+ Kb1 77. Qb4+ Kc2 78. Qc5+ Kb2 79. Qb5+ Kc2 80. Qc5+ Kb2 81. Qb5+ Kc2 82. Qc5+ 1/2-1/2

[Event "Wch U10"]
[Site "Belfort"]
[Date "2005.07.23"]
[Round "4"]
[White "Scherbin, Yevgeniy"]
[Black "Cabanes, Kim"]
[Result "1-0"]
[WhiteElo "1599"]
[BlackElo "1599"]
[PlyCount "123"]
[EventDate "2005.07.19"]
[EventType "swiss"]
[EventRounds "11"]
[EventCountry "FRA"]
[SourceTitle "CBM 107 Extra"]
[Source "ChessBase"]
[SourceDate "2005.09.01"]
[SourceVersion "1"]
[SourceVersionDate "2005.09.01"]
[SourceQuality "1"]

1. e4 c6 2. d4 d5 3. Nc3 dxe4 4. Nxe4 Bf5 5. Ng3 Bg6 6. h4 h6 7. Nf3 Nd7 8. h5 Bh7 9. Bd3 Bxd3 10. Qxd3 Qc7 11. Bd2 e6 12. 0-0-0 Ngf6 13. Kb1 0-0-0 14. Qe2 Bd6 15. Ne4 Nxe4 16. Qxe4 c5 17. Qe2 a6 18. Bc3 Rhg8 19. dxc5 Nxc5 20. Qc4 b5 21. Qe2 Na4 22. Be5 Bxe5 23. Qxe5 Rxd1+ 24. Rxd1 Rd8 25. Rxd8+ Qxd8 26. Qe2 Qb6 27. c3 Qc5 28. Nd4 e5 29. Nb3 Qd5 30. Qg4+ Kb7 31. Kc2 Qe6 32. Qe4+ Kc7 33. g4 g6 34. Na5 Nc5 35. Qa8 Qb6 36. Qd5 Nd7 37. b4 Qxf2+ 38. Kb3 Qf6 39. Qb7+ Kd6 40. Qxa6+ Ke7 41. Nc6+ Kd6 42. Qxb5 Qe6+ 43. c4 e4 44. Nd4 Qxg4 45. c5+ Ke7 46. c6 Qd1+ 47. Nc2 Qd3+ 48. Qxd3 exd3 49. Ne3 Nb6 50. hxg6 fxg6 51. a4 Kd6 52. a5 Nc8 53. Kc4 d2 54. Kc3 h5 55. Kd4 h4 56. Nc4+ Kc7 57. Nxd2 h3 58. Nf3 Kd6 59. Nh2 Na7 60. Kc4 Nc8 61. Ng4 g5 62. a6 1-0